Postacie z MCU - Statystyki

Ogólne statystyki
  • Ten quiz został rozwiązany 24 razy
    14 od ostatniego zresetowania
  • Średni wynik to 45 z 415
Statystyki odpowiedzi
Film Aktor Opis Postać % Poprawnych
Captain America: The First Avenger (2011) Chris Evans Żołnierz IIWŚ, pierwszy Avenger, Super Żołnierz Steve Rogers/Captain America
100%
Sebastian Stan Żołnierz IIWŚ schwytany przez HYDRĘ, Super Żołnierz Bucky Barnes/Winter Soldier/White Wolf
82%
Captain Marvel (2019) Brie Larson Była pilot Sił Powietrznych USA, zyskała moce przez wybuch silnika z Tesseractem Carol Danvers/Vers/Captain Marvel
73%
Samuel L. Jakcson Dyrektor S.H.I.E.L.D. Nick Fury
64%
Hayley Atwell Współzałożycielka S.H.I.E.L.D., członkini Illuminati Peggy Carter/Captain Carter
64%
The Incredible Hulk (2008) Edward Norton/Mark Ruffalo Naukowiec, 1 z 6 pierwszych Avengersów, pracował nad promieniowaniem gamma Bruce Banner/Hulk
55%
Jeremy Renner Agent specjalny S.H.I.E.L.D., 1 z 6 pierwszych Avengersów Clint Barton/Hawkeye/Ronin
55%
Paul Bettany Sztuczna Inteligencja nazwana po lokaju J.A.R.V.I.S.
55%
Iron Man 2 (2010) Scarlett Johansson Jedna z najlepszych szpiegów i zabójców, 1 z 6 pierwszych Avengersów Natasha Romanoff/Black Widow
55%
Gwyneth Paltrow Asystentka, później prezes Stark Industries Pepper Potts/Rescue
55%
Thor (2011) Chris Hemsworth Bóg Piorunów, 1 z 6 pierwszych Avengersów Thor Odinson
55%
Iron Man (2008) Robert Downey Jr. Miliarder, 1 z 6 pierwszych Avengersów, Prezes Stark Industries Tony Stark/Iron Man
55%
Toby Jones Główny naukowiec HYDRY Arnim Zola
45%
Idris Elba Wszechwidzący i wszechsłyszący Asgardian, strażnik Bifrostu Heimdall
45%
Dominic Cooper/Gerard Sanders/John Slattery Założyciel Stark Industries Howard Stark
45%
Terrence Howard/Don Cheadle Oficer Sił Powietrznych USA, łącznik między rządem a Stark Industries James Rhodes/Iron Patriot/War Machine
45%
Natalie Portman Astrofizyk, twórczyni Foster Theory Jane Foster/Mighty Thor
45%
Hugo Weaving/Ross Marquand Lider Hydry Johann Schmidt/Red Skull
45%
Tom Hiddleston Lodowy Olbrzym wychowany w Asgardzie Loki
45%
Daredevil (2015-2018) Charlie Cox Niewidomy prawnik, współzałożyciel kancelarii prawniczej Matt Murdock/Daredevil
45%
Anthony Hopkins Były król Asgardu Odin
45%
Damion Poitier/Josh Brolin Szalony Tytan, skompletował 6 Kamieni Nieskończoności Thanos
45%
Kurt Russell Celestial, żyjąca planeta, biologiczny ojciec porwanego dziecka i ^ Ego
36%
Tim Roth Dowódca operacji specjalnych, Super Żołnierz Emil Blonsky/Abomination
36%
Rene Russo Królowa Asgardu Frigga
36%
Zoe Saldana Przedstawicielka Zehoberei, członkini Strażników Galaktyki Gamora
36%
Vin Diesel Flora colossus, członek Strażników Galaktyki Groot
36%
Mickey Rourke Rosyjski fizyk, stworzył broń na bazie reaktora łukowego (Arc Reactor) Ivan Vanko/Whiplash
36%
Thor. The Dark World (2013) Christopher Eccleston Lider Mrocznych Elfów Malekith
36%
Guardians of the Galaxy Vol 2 (2017) Pom Klementieff W części Celestial, wyczuwa i może wpływać na uczucia innych Mantis
36%
The Avengers (2012) Cobie Smulders Zastępca dyrektora S.H.I.E.L.D. Maria Hill
36%
Jeff Bridges Tymczasowy Prezes Stark Industries, współpracował z Ten Rings Obadiah Stane/Iron Monger
36%
Guardians of the Galaxy (2014) Chris Pratt/Wyatt Oleff Pół człowiek, pół Celestial, porwany w młodości przez Ravagers, członek Strażników Galaktyki Peter Quill/Star Lord
36%
Aaron Taylor-Johnson Jeden z Bliżniaków z Sokovii, poddany eksperymentom przy użyciu Kamienia Umysłu Pietro Maximoff/Quicksilver
36%
Bradley Cooper Szop, genetycznie modyfikowany Rocket/89P13
36%
Ant-Man (2015) Paul Rudd Złodziej, zrekrutowany by nosić strój do zmniejszania się i powiększania się Scott Lang/Ant-Man
36%
William Hurt/Harrison Ford Generał Armii USA, później Sekretarz Stanu Thaddeus Ross/Red Hulk
36%
James Spader Sztuczna Inteligencja, miał być częścią programu pokojowego Ultron
36%
Avengers: Age of Ultron (2015) Paul Bettany Syntezoid wykonany z wibranium przy pomocy Kamienia Umysłu Vision
36%
Elizabeth Olsen Jedna z Bliźniaków z Sokovii, poddana eksperymentom przy użyciu Kamienia Umysłu Wanda Maximoff/Scarlet Witch
36%
Iron Man 3 (2013) Guy Pearce Założyciel Advanced Idea Mechanics, pracował nad projektem Extremis Aldrich Killian
27%
Abby Ryder Fortson/Emma Fuhrmann/Kathryn Newton Córka ^ Cassie Lang/Stature
27%
Dave Bautista Przestępca umieszczony w więzieniu Kyln, członek Strażników Galaktyki Drax the Destroyer
27%
Anthony Mackie Lotnik Sił Powietrznych USA, korzystał z eksperymentalnego kombinezonu ze skrzydłami Falcon/Captain America
27%
Jon Bernthal Były żołnierz Marynarki Wojennej USA, służył w Afganistanie, słynie z brutalnego stylu Frank Castle/Punisher
27%
Michael Douglas Entomolog, fizyk, wynalazł cząsteczki ... i kombinezon ^ Hank Pym/Ant-Man
27%
Evangeline Lilly Córka ^, przewodnicząca zarządu Pym Technologies Hope van Dyne/Wasp
27%
The Falcon and the Winter Soldier (2021) Wyatt Russell Były Kapitan Armii USA, wybrany by zostać następcą jednego z oryginalnych Avengersów John Walker/Captain America/U.S. Agent
27%
Sam Rockwell Prezes Hammer Industries Justin Hammer
27%
Colm Feore Król Lodowych Olbrzymów Jotunheim Laufey
27%
Mike Colter Kuloodporny człowiek Luke Cage
27%
Marisa Tomei Ciocia ^, wdowa po Benie May Parker
27%
Avengers: Endgame (2019) Lexi Rabe Córka jednego z Avengersów Morgan Stark
27%
Tom Holland Były uczeń Midtown School, zdobył nadludzkie zdolności i zwalczał przestępczość w Nowym Jorku Peter Parker/Spider-Man
27%
Shang-Chi and the Legend of the Ten Rings (2021) Simu Liu Obecny posiadacz Dziesięciu Pierścieni, w młodości uciekł od ojca do USA Shang-Chi/Shaun
27%
Emily VanCamp Siostrzenica założycielki S.H.I.E.L.D., Agent 13 Sharon Carter/Power Broker
27%
Loki (2021-2023) Sophia Di Martino Księżniczka Asgardu, spowodowała Nexus event jako dziecko, uciekała przed TVA Sylvie Laufeydottir
27%
Captain America: Civil War (2016) Chadwick Boseman Król Wakandy, najstarszy syn poprzedniego króla, obrońca Wakandy T'Challa/Black Panther
27%
Jonathan Majors Naukowiec z 31 Wieku, dowiedział się o istnieniu innych uniwersów i swoich wariantów, strzegł Świętej Chronologii Victor Timely/He Who Remains/Kang the Conqueror
27%
WandaVision (2021) Paul Bettany Syntezoid, stworzony ponownie przez S.W.O.R.D. (w innym kolorze) White Vision
27%
Vincent D'Onofrio Potężny biznesmen i przestępca kontrolujący Hell's Kitchen Wilson Fisk/Kingpin
27%
Michael Rooker Lider Ravagers, przybrany ojciec porwanego chłopca Yondu Udonta
27%
Kathryn Hahn Wiedźma z Salem, oskarżona o praktykowanie czarnej magii przez własny krąg Agatha Harkness/Agness O'Connor
18%
Captain America: The Winter Soldier (2014) Robert Redford Jeden z liderów HYDRY, pracował pod przykrywką dla rządu USA Alexander Pierce
18%
David Harbour Pierwszy Super Żołnierz Związku Radzieckiego Alexei Shostakov/Red Guardian
18%
Doctor Strange in the Multiverse of Madness (2022) Xochitl Gomez Dziewczyna posiadająca zdolność podróżowania po Multiwersum America Chavez
18%
Olga Kurylenko Córka ^, poszkodowana przy próbie zamachu na jej ojca Antonia Dreykov/Taskmaster
18%
Hannah John-Kamen Córka Elihasa i Catherine, w wypadku, w którym zginęli jej rodzice przybrała formę niematerialną Ava Starr/Ghost
18%
Liv Tyler Naukowiec, profesor na Culver University Betty Ross
18%
Anson Mount Król Inhumans, członek Illuminati Blackagar Boltagon/Black Bolt
18%
Patrick Stewart Mutant posiadający telepatyczne moce, członek Illuminati Charles Xavier/Professor X
18%
Maria Bakalova Sowiecki labrador posiadający specjalne moce Cosmo
18%
Rhys Ifans Naukowiec Oscorp, eksperymentował na sobie w celu odzyskania ręki Curt Connors/Lizard
18%
Iron Fist (2017-2018) Finn Jones Stracił rodziców w katastrofie lotniczej, został uratowany przez mnichów z K'un-Lun, gdzie się wychował i trenował Danny Rand/Iron Fist
18%
Corey Stoll Dyrektor generalny Pym Technologies Darren Cross/Yellowjacket/M.O.D.O.K
18%
Doctor Strange (2016) Benedict Cumberbatch Genialny neurochirurg, okaleczył ręce w wypadku, Mistrz Sztuk Mistycznych Doctor Stephen Strange
18%
Benedict Cumberbatch Międzywymiarowa istota rządząca Mrocznym Wymiarem Dormammu
18%
Ray Winstone Wysoko postawiony oficer Radzieckich Sił Zbrojnych, nadzorca Red Room Dreykov
18%
Tom Hardy Posiadacz symbiontu/symbiont Eddie Brock/Venom
18%
Thomas Haden Church Przestępca, zyskał moc kontroli nad piaskiem, wpadając do maszyny Flint Marko/Sandman
18%
Elden Henson Prawnik, założyciel kancelarii prawniczej Foggy Nelson
18%
Thor: Ragnarok (2017) Cate Blanchett Bogini Śmierci, była Egzekutorka Asgardu, uwięziona przez ojca Hela
18%
Hugh Jackman Potężny mutant z kośćmi i ostrzami z adamantium, ma zdolność leczenia się James Howlett/Logan/Wolverine
18%
She-Hulk: Attorney at Law (2022) Tatiana Maslany Była prawniczka w Goodman, Lieber, Kurtzberg & Holliway i zastępczyni Prokuratora Okręgowego Los Angeles, kobieca odpowiedniczka jednego z Avengersów Jennifer Walters/She-Hulk
18%
Jessica Jones (2015-2019) Krysten Ritter Prywatna detektyw, posiada nadludzkie zdolności Jessica Jones
18%
Danny Ramirez Oficer wywiadu Sił Powietrznych USA, został następcą jednego z Avengersów otrzymując jego stary kombinezon ze skrzydłami Joaquin Torres/Falcon
18%
Chris Evans Członek Fantastycznej Czwórki, zesłany do Void Johnny Storm/Human Torch
18%
Ms. Marvel (2022) Iman Vellani Mutant, uczennica Coles Academic High School, wielka fanka Avengersów Kamala Khan/Ms. Marvel
18%
Deborah Ann Woll Dziennikarka New York Bulletin, pracowała w kancelarii ^ Karen Page
18%
Hawkeye (2021) Hailee Steinfeld Straciła ojca w Bitwie o Nowy Jork, zainspirowana jednym z Avengersów ćwiczyła łucznictwo Kate Bishop
18%
Taika Waititi Wojownik Kronan, uwięziony na Sakaarze Korg
18%
Sean Gunn Prawa ręka lidera Ravagers Kraglin Obfonteri
18%
Moon Knight (2022) Oscar Isaac Były żołnierz Piechoty Morskiej USA, najemnik z zaburzeniem tożsamości, pracownik muzeum, Awatar Marc Spector/Moon Knight/Steven Grant/Mr. Knight/Jake Lockley
18%
Jamie Foxx Były inżynier elektryk w Oscorp, zyskał moce wpadając do kadzi z węgorzami Max Dillon/Electro
18%
Winston Duke Aktualny Król Wakandy, lider Jabari M'Baku
18%
Zendaya Była uczennica Midtown School o specyficznym poczuciu humoru Michelle Jones
18%
Lupita Nyong'o Była członkini War Dogs, wysyłana na misję po całym świecie Nakia
18%
Tenoch Huerta Mutant, który rządzi podwodnym królestwem Talokan Namor
18%
Karen Gillan Przedstawicielka Luphomoid, modyfikowana przez przybranego ojca Nebula
18%
Jacob Batalon Były uczeń Midtown School, najlepszy przyjaciel tytułowego bohatera Ned Leeds
18%
Black Panther (2018) Michael B. Jordan Były żołnierz Marynarki Wojennej USA, syn Księcia Wakandy N'Jobu N'Jadaka/Erik Stevens/Erik Killmonger
18%
Spider-Man: No Way Home (2021) Willem Dafoe Naukowiec, prezes Oscorp, eksperymentował na sobie, miał rozdwojenie jaźni Norman Osborn/Green Goblin
18%
Danai Gurira Była Generał Dora Milaje, dowódca sił zbrojnych Wakandy Okoye
18%
Alfred Molina Naukowiec jądrowy, wynalazca mechanicznych kończyn (macek) Otto Octavius/Doctor Octopus
18%
Tobey Maguire Wariant tytułowego bohatera z innego uniwersum, walczył z ^, ^^ i ^^^ Peter Parker/Spider-Man
18%
Andrew Garfield Wariant tytułowego bohatera z innego uniwersum, walczył z ^ i ^^ Peter Parker/Spider-Man
18%
Clark Gregg Agent S.H.I.E.L.D., prawa ręka dyrektora Phil Coulson
18%
Spider-Man: Far From Home (2019) Jake Gyllenhaal Były pracownik Stark Industries, opracował pomysł technologii holograficznej, z którego został okradziony, wykreował nowego superbohatera Quentin Beck/Mysterio
18%
Gugu Mbatha-Raw Wariant, porwana przez ^ by zostać jego najbliższą współpracowniczką, sędzina TVA, żyła jako nauczycielka Ravonna Renslayer
18%
John Krasinski Genialny naukowiec, ma rozciągliwe ciało, lider Fantastycznej Czwórki, członek Illuminati Reed Richards/Mister Fantastic
18%
Channing Tatum Mutant, ma zdolność manipulacji energią kinetyczną, korzysta z talentu rzucania kartami Remy LeBeau/Gambit
18%
Black Panther: Wakanda Forever (2022) Dominique Thorne Uczennica MIT, utalentowana twórczyni różnych nowoczesnych rzeczy w tym latającego stroju Riri Williams/Ironheart
18%
Lee Pace Kree, Oskarżyciel (Accuser) Ronan the Accuser
18%
Tim Blake Nelson Biolog, profesor na Grayburn College Samuel Sterns/Leader
18%
Letitia Wright Księżniczka Wakandy, liderka Wakandan Design Group Shuri
18%
Jaimie Alexander Wojowniczka Asgardu Sif
18%
Clancy Brown Ognisty Demon, władca Muspelheim Surtur
18%
Ben Mendelsohn Generał Skrullów Talos/R. Keller
18%
Benicio del Toro Posiadacz największej kolekcji w galaktyce Taneleer Tivan/Collector
18%
Jett Klyne Syn głównych bohaterów, starszy bliźniak ^ Tommy Maximoff
18%
Deadpool & Wolverine (2024) Ryan Reynolds Mutant, ma zdolności leczenia się i niesamowite zdolności walki Wade Wilson/Deadpool
18%
Benedict Wong Obecny Najwyższy Czarodziej Mistrzów Sztuk Mistycznych, były bibliotekarz Wong
18%
Dafne Keen Biologiczna córka ^, stworzona przy użyciu próbek jego DNA X-23/Laura
18%
Tony Leung Legendarna postać, odkrył mityczne pierścienie, założyciel armii Dziesięciu Pierścieni, ojciec ^ Xu Wenwu/Mandarin
18%
Black Widow (2021) Florence Pugh Pracowała dla Red Room, adoptowana siostra tytułowej bohaterki Yelena Belova
18%
Stanley Tucci Naukowiec, który opracował serum Super Żołnierza Abraham Erskine
9%
Will Poulter Członek Suwerennych, stworzony przez swoją matkę jako żyjąca broń by zabić Strażników Galaktyki, członek nowych Strażników Galaktyki Adam Warlock
9%
Spider-Man Homecoming (2017) Michael Keaton Były właściciel Bestman Salvage, przewodził tworzeniu broni używając technologii Chitauri Adrian Toomes/Vulture
9%
Salma Hayek Pierwotna Prime Eternal i duchowa liderka Eternals Ajak
9%
Adewale Akinnuoye-Agbaje Porucznik Mrocznych Elfów Algrim/Kurse
9%
Tilda Swinton Najwyższa Czarodziejka, liderka, Mistrzów Sztuk Mistycznych Ancient One
9%
David Kaye Prime Celestial, twórca międzygalaktycznego prawa Arishem the Judge
9%
Aduardo Gago Munoz Mutant o czerwonej skórze i wyglądzie diabła, ma zdolność teleportacji, zesłany do Void Azazel
9%
Wilson Bethel Weteran Armii USA, agent FBI, psychicznie chory Benjamin Pointdexter/Dex
9%
Vondie Curtis-Hall Dziennikarz śledczy New York Bulletin Ben Urich
9%
Ayesha Hussain Mutant o zdolności generowania fioletowej energii, zesłana do Void Betsy Braddock/Psylocke
9%
Julian Hilliard/Joe Locke Syn głównych bohaterów, jego dusza została przeniesiona w ciało niedawno zmarłej osoby, uczył się czarów Billy Maximoff/William Kaplan/Wiccan
9%
Leslie Uggams Niewidoma przyjaciółka i współlokatorka ^^ Blind Al
9%
Tessa Thompson Panująca władczyni Nowego Asgardu, mieszkała na Sakaarze Brunnhilde/Valkyrie
9%
Aaron W. Reed Mutant, zesłany do Void o nadludzkiej sile fizycznej i specyficznym hełmie Cain Marko/Juggernaut
9%
Emma Corrin Mutant Omega, siostra bliźniaczka jednego z najpotężniejszych mutantów wygnana do Void Cassandra Nova
9%
Richard E. Grant Wariant tytułowego bohatera, który przeżył atak na statek Statesman po zniszczeniu Asgardu, wygnany do Void Classic Loki
9%
Charlize Theron Czarodziejka z Mrocznego Wymiaru Clea
9%
Kit Harrington Naukowiec, historyk w Londyńskim Natural History Museum Dane Whitman
9%
The Marvels (2023) Zawe Ashton Rewolucjonistka Kree, była Oskarżycielka Kree, była członkini Starforce Dar-Benn
9%
Kat Dennings Studentka na Culver University, stażystka ^ Darcy Lewis
9%
Barry Keoghan Członek Eternals, posiada zdolność kontrolowania umysłów Druig
9%
Vera Farmiga Była prezes Bishop Security, matka ^ Eleanor Bishop
9%
Brianna Hildebrand Członkini X-Men o zdolności generowania eksplozji z jej ciała Ellie Phimister/Negasonic Teenage Warhead
9%
Mahershala Ali/Wesley Snipes Hybryda człowieka i wampira Eric Brooks/Blade
9%
Stellan Skarsgard Astrofizyk, profesor na Culver University Erik Selvig
9%
Harry Styles Członek Eternals, stacjonował na Tytanie Eros/Starfox
9%
Tony Revolori Były uczeń Midtown School, atencyjny Flash Thompson
9%
Don Lee Najpotężniejszy i najmilszy członek Eternals Gilgamesh
9%
Thor: Love and Thunder (2022) Christian Bale Mściwy galaktyczny zabójca Bogów Gorr the God Butcher
9%
Secret Invasion (2023) Kingsley Ben-Adir Lider radykalnego Ruchu Oporu Skrullów, Generał w Radzie Skrullów, zapoczątkował inwazję Skrullów Gravik
9%
Kelsey Grammer Mutant, członek X-Men, ma zdolność przemiany w istotę o niebieskiej skórze Hank McCoy/Beast
9%
Kamar de los Reyes Samozwańczy mściciel Nowego Jorku, fałszywie aresztowany za bójkę w metrze Hector Ayala/White Tiger
9%
Claudia Kim Genetyczka, liderka Grupy Badawczej U-GIN Helen Cho
9%
Daniel Bruhl Baron z Sokovii, porucznik Sokovian Armed Forces Helmut Zemo
9%
Brett Goldstein Syn ^, miał za zadanie zabić Boga Piorunów Hercules
9%
Tadanobu Asano Wojownik Vanir, członek Warriors Three Hogun
9%
Wunmi Mosaku Wariant, dowódca TVA, była wysoko postawiona łowczyni, żyła jako doktor Hunter B-15
9%
Richard Madden Były lider taktyczny Eternals, jedną z jego mocy jest strzelanie laserami z oczu Ikaris
9%
Carl Lumbly Weteran Wojny Koreańskiej, poddany testom przy użyciu Serum Super Żołnierza Isaiah Bradley
9%
Werewolf By Night (2022) Gael Garcia Bernal Postać dotknięta klątwą przemiany podczas pełni księżyca Jack Russell/Werewolf by Night
9%
Toby Leonard Moore Prawa ręka ^ James Wesley
9%
Ant-Man and the Wasp (2018) Michelle Pfeiffer Pracowała dla S.H.I.E.L.D., poświęciła się by rozbroić sowiecki pocisk Janet van Dyne/Wasp
9%
J.K. Simmons Gospodarz kanału The Daily Bugle J. Jonah Jameson
9%
Aaron Stanford Mutant o zdolności manipulowania ogniem, zesłany do Void John Allerdyce/Pyro
9%
Mads Mikkelsen Czarodziej, były członek Mistrzów Sztuk Mistycznych, sprowadził ^ na Ziemię Kaecilius
9%
Chiwetel Ejiofor Były członek Mistrzów Sztuk Mistycznych, pomagał trenować przyszłych czarodziejów Karl Mordo
9%
Awkwafina Przyjaciółka ^^^, pracowała w obsłudze parkingu w San Francisco Katy Chen
9%
Fra Fee Członek Mafii Dresowej, przyjaciel i tłumacz ^ Kazi Kazimierczak
9%
The Guardians of the Galaxy Holiday Special (2022) Kevin Bacon Amerykański aktor, porwany jako prezent świąteczny na Knowhere Kevin Bacon
9%
Jack Veal Wariant tytułowego bohatera, zabił swojego adoptowanego brata, wygnany do Void Kid Loki
9%
Kumail Nanjiani Członek Eternals, żył jako gwiazda filmowa w Bollywood Kingo
9%
Bill Skarsgard Lider Dewiantów, uwięziony w lodzie przez tysiąclecia Kro
9%
Linda Cardellini Była agentka S.H.I.E.L.D. (Agent 19), żona jednego z Avengersów Laura Barton
9%
Bob Gunton Księgowy i wspólnik ^^ Leland Owlsley
9%
Imogen Poynton/Isabella Poynton Córka ^^ Lila Barton
9%
Laura Harrier Córka ^, Była uczennica Midtown School Liz Allan Toomes
9%
Michael Pena Były przestępca znany z szybkich i śmiesznych opowiadań Luis
9%
Wai Ching Ho Współzałożycielka Hand, rozprowadzała heroinę Madame Gao
9%
Joanne Whalley Zakonnica w Clinton Church Maggie Grace
9%
Lauren Ridloff Członkini Eternals, głuchoniema, superszybka Makkari
9%
Lashana Lynch Była pilot Sił Powietrznych USA, założycielka S.W.O.R.D., członkini Illuminati Maria Rambeau/Captain Marvel/Binary
9%
Alaqua Cox Głuchoniema członkini plemienia Choctaw Maya Lopez/Echo
9%
Rachel Weisz Naukowiec, pracowała dla Red Room, przybrana matka tytułowej bohaterki Melina Vostokoff
9%
Matt Gerald Niepełnosprawny umysłowo projektant Melvin Potter
9%
Laura Haddock Matka porwanego chłopca Meredith Quill
9%
Tara Strong Sztuczna inteligencja stworzona do obserwacji i dostarczania informacji w TVA Miss Minutes
9%
Owen Wilson Wariant, analityk TVA, żył jako sprzedawca w Piranha Powersports Mobius
9%
Teyonah Parris Córka założycielki S.W.O.R.D., zyskała moc w kontakcie z Hex Monica Rambeau/Geraldine
9%
Daniel Medina Ramos Mutant o zdolności podobnej do płazów, zesłany do Void Mortimer Toynbee/Toad
9%
Matthew Macfadyen Nieuczciwy agent TVA, skonstruował Time Ripper, który mógł niszczyć osie czasu Mr. Paradox
9%
Jaiden Stafford Najmłodszy syn ^^^ Nathaniel Barton
9%
Peter Shinkoda Wysokiej rangi członek Hand Nobu Yoshioka
9%
Ke Huy Quan Wariant, autor, naukowiec TVA, napisał przewodnik do TVA Ouroboros
9%
Peter McRobbie Ksiądz w Clinton Church Paul Lantom
9%
Brian Tyree Henry Wynalazca, członek Eternals Phastos
9%
Stefan Kapicic Członek X-Men o zdolności przemiany swojego ciała w stal Piotr Rasputin/Colossus
9%
Angela Bassett Królowa Wakandy Ramonda
9%
Jay Ali Agent Wydziału Kryminalnego FBI Ray Nadeem
9%
Clancy Brown Porucznik Marynarki Wojennej USA, handlarz narkotyków Ray Schoonover/Blacksmith
9%
Eternals (2021) Gemma Chan Prime Eternal, Obecna liderka Eternals, Profesor historii Sersi
9%
Karl Urban Były wojownik Einherjar, strzegł Bifrostu Skurge/Executioner
9%
Lia McHugh Członkini Eternals o wyglądzie dziecka Sprite
9%
Scott Glenn Niewidomy mistrz sztuk walki, członek Chaste Stick
9%
Annette Bening Sztuczna Inteligencja Kree Supreme Intelligence
9%
John Kani Były król Wakandy T'Chaka
9%
Angelina Jolie Członkini Eternals, wojowniczka, cierpiała na Mahd Wy'ry Thena
9%
Piotr Adamczyk Członek Mafii Dresowej, kocha Imagine Dragons Tomas
9%
Ben Kingsley Aktor odgrywający rolę Mandaryna Trevor Slattery
9%
Julia Louis-Dreyfus Szlachcianka, dyrektor CIA, zaczęła rekrutować osoby o ponadprzeciętnych zdolnościach Valentina Allegra de Fontaine
9%
Ayelet Zurer Handlarka dzieł sztuki Vanessa Marianna (Fisk)
9%
Tyler Mane Mutant o zdolnościach zwierzęcych, zesłany do Void Victor Creed/Sabretooth
9%
Thomas Kretschmann Jeden z liderów HYDRY, pracował z Bliźniakami Wolfgang von Strucker
9%
Jade Lye Mutant z ostrzami z adamantium wysuwanymi z paznokci, zesłana do Void Yuriko Oyama/Lady Deathstrike
9%
Russell Crowe Król Olimpijczyków, Bóg Błyskawic i Nieba Zeus
9%
Sayed Badreya Członek Ten Rings Abu Bakaar
0%
Mehwish Hayet Pochodzi z Wymiaru Noor, wygnana na Ziemię Aisha
0%
The Defenders (2017) Sigourney Weaver Liderka Hand Alexandra Reid
0%
Ali Ahn Wiedźma specjalizująca się w ochronie Alice Wu-Gulliver
0%
Janet McTeer Matka prywatnej detektyw Alisa Jones
0%
Sofia Danu/Saba Mubarak Ennead, sądzi i karze ludzi zanim popełnią przestępstwo Ammit
0%
Giorgia Whigham Uliczny naciągacz, członkini Fiona's Crew Amy Bendix
0%
Gideon Emery Współlider Rosyjskiej Mafii w Nowym Jorku Anatoly Ranshakov
0%
Gaspard Ulliel Kolekcjoner antyków, były przyjaciel ^ Anton Mogart
0%
Ethan Hawke Były Awatar ^^, prowadził kult ^ Arthur Harrow
0%
Kieron L. Dyer Syn jednego z Asgardczyków, porwany przez ^ Astrid/Axl Heimdallson
0%
Elizabeth Debicki Złota Arcykapłanka Suwerennych Ayesha
0%
Florence Kasumba Generał Dora Milaje Ayo
0%
Ramon Rodriguez Założyciel i jeden z liderów Hand, prowadził ośrodek dla nastolatków z problemami Bakuto
0%
Hunter Doohan Grafficiarz, seryjny zabójca, malował murale krwią swoich ofiar Bastian Cooper/Muse
0%
Genneya Walton Dziennikarka, gospodarz The BB Report BB Urich
0%
Danny Johnson Prawnik, znany z reprezentowania wysokiej rangi przestępców Benjamin Donovan
0%
Angourie Rice Była uczennica Midtown School, współprowadząca Midtown News Betty Brant
0%
Laurence Fishburne Biochemik, były członek S.H.I.E.L.D., pracował nad projektem G.O.L.I.A.T.H. Bill Foster
0%
The Punisher (2017-2019) Ben Barnes Były żołnierz Piechoty Morskiej USA, służył w Afganistanie, przyjaciel tytułowego bohatera Billy Russo/Jigsaw
0%
Stephen Rider Prokurator okręgowy Nowego Jorku Blake Tower
0%
DeObia Oparei Wariant tytułowego bohatera, który był w stanie samodzielnie zgromadzić 6 Kamieni Nieskończoności, wygnany do Void Boastful Loki
0%
Ron Cephas Jones Przyjaciel ^, opiekun salonu fryzjerskiego Bobby Fish
0%
Remy Hill Uczeń Midtown School, rywalizował o dziewczynę z tytułowym bohaterem Brad Davis
0%
Rafael Casal Były łowca TVA, żył jako aktor Brad Wolfe/Hunter X-05
0%
Royce Johnson Policjant z 15 Posterunku w Nowym Jorku Brett Mahoney
0%
Frank Grillo Infiltrator HYDRY w S.H.I.E.L.D., dowódca STRIKE Brock Rumlow
0%
Christopher Fairbank Kupiec z Xandar Broker
0%
Matt Lintz Uczeń Coles Academic High School, przyjaciel ^ Bruno Carrelli
0%
Arty Froushan Wspólnik burmistrza Nowego Jorku i jego żony Buck Cashman
0%
Ophelia Lovibond Niewolniczka i sługa ^ Carina
0%
Eugene Cordero Wariant, członek TVA, żył jako więzień Casey
0%
Echo (2024) Julia Jones Pierwsza kobieta plemienia Choctaw Chafa
0%
Clark Johnson Były detektyw policji, prywatny detektyw, bliski współpracownik Murdock & McDuffie Cherry
0%
Tommy Lee Jones Oficer Armii USA, współzałożyciel S.H.I.E.L.D. Chester Phillips
0%
Amy Aquino Była oficer Armii USA, terapeutka Christina Raynor
0%
Leslie Bibb Dziennikarka Vanity Fair Christine Everhart
0%
Rachel McAdams Chirurg w szpitalu Metro-General, przyjaciółka ^ Christine Palmer
0%
Rosario Dawson Pielęgniarka w szpitalu Metro-General Claire Temple
0%
Jessica Henwick Ekspertka sztuk walki, była członkini Hand, prowadziła swoje dojo Coleen Wing
0%
Ben Sakamoto Pierwszy syn ^ Cooper Barton
0%
Luke Cage (2016-2018) Mahershala Ali Lider rodziny przestępczej w Harlemie, prowadził Harlem Paradise Cornell Stokes/Cottonmouth
0%
Michael Shaw Członek Black Order Corvus Glaive
0%
Terry Notary Członek Black Order Cull Obsidian
0%
Jason R. Moore Były żołnierz Marynarki Wojennej USA, stracił nogę w czasie służby Curtis Hoyle
0%
Michael Gandolfini Członek Personelu burmistrza Nowego Jorku, zastępca burmistrza ds. komunikacji Daniel Blake
0%
Thomas Q. Jones Członek Rivals, przyjaciel ^ Darius Jones/Comanche
0%
T.I Kierowca w czasie ucieczki, przyjaciel ^^ Dave
0%
Ebon Moss-Bachrach Były analityk NSA i członek Rising Tide David Lieberman/Micro
0%
Sacha Dhawan Członek Zakonu Matki Żurawicy, pretendent do zdobycia tytułu nieśmiertelnego ... Davos
0%
Aubrey Plaza Kosmiczna istota, uosobienie śmierci i rozkładu wszystkich żywych istot, oryginalna Zielona Wiedźma Death/Rio Vidal
0%
Amber Rose Revah Była agentka Bezpieczeństwa Wewnętrznego, była na służbie w Kandaharze Dinah Madani
0%
Karan Soni Kierowca taksówki, przyjaciel tytułowego bohatera Dopinder
0%
Rebecca De Mornay Agentka talentów, matka ^ Dorothy Walker
0%
Emma Caulfield Ford Mieszkanka Westview, "rządziła" społecznością Westview Dottie
0%
Desmond Chiam Super Żołnierz, członek Flag Smashers Dovich
0%
Kate Dickie Generał Minutemen, członkini TVA Dox
0%
Gary Lewis Władca Skrullów, były lider kolonii uchodźców na Tarnax IV Dro'ge
0%
Tom Vaughan-Lawlor Członek Black Order, posiada zdolności telekinezy Ebony Maw
0%
John Ventimiglia Detektyw Policji w Nowym Jorku Eddy Costa
0%
Avengers: Infinity War (2018) Peter Dinklage Król Karłów, wykuwał broń na Nidavellir Eitri
0%
Elodie Young/Jennifer Garner Zabójczyni, członkini Chaste, jej wariant został zesłany do Void Elektra Natchios
0%
Stephanie Szostak Żołnierz Armii USA poddana projektowi Extremis Ellen Brandt
0%
Laura Donnelly Córka Ulyssesa, której nie podoba się tradycja polowania na potwory Elsa Bloodstone
0%
Jeff Goldblum Władca Sakaaru z zamiłowaniem do gier i manipulacji En Dwi Gast/Grandmaster
0%
James Badge Dale Żołnierz Armii USA poddany projektowi Extremis Eric Savin
0%
Benjamin Walker Hazardzista, posiada zdolności empatyczne pozwalające wyczuwać mrok w ludziach Erik Gelden
0%
Martin Freeman Były agent CIA, zastępca dowódcy Centrum Antyterrorystycznego Everett Ross
0%
Joshua Dallas/Zachary Levi Wojownik Asgardu, członek Warriors Three Fandral
0%
Mikaela Hoover Królik, genetycznie i cybernetycznie modyfikowany Floor/89L06
0%
Georges St-Pierre Najemnik, pirat, poszukiwany przez Interpol Georges Batroc/Batroc the Leaper
0%
Emillia Clarke Jedna z uchodźców Skrullów, była członkini Ruchu Oporu Skrullów, przyjęła Extremis G'iah
0%
Nemo/Tango Flerken Goose
0%
Jeremy Bobb Wysoce inteligentny seryjny zabójca Gregory Sallinger
0%
Yuen Wah Senior Ta Lo, uczył ^ łucznictwa Guang Bo
0%
Henry Yuk Lider Yangsi Gonshi (gangu z toporkami) Hai-Qing Yang
0%
Jon Favreau Szef Ochrony Stark Industries Happy Hoggan
0%
Ty Simpkins Chłopiec z Tennessee Harley Keener
0%
David Wenham Biznesmen, współzałożyciel Rand Enterprises, dwukrotnie powracał do żywych Harold Meachum
0%
Margarita Levieva Terapeutka, przyjaciółka ^ Heather Glenn
0%
Frankie Faison Właściciel salonu fryzjerskiego, były członek gangu Henry Hunter/Pop
0%
Theo Rossi Przestępca, członek Rivals, były więzień w Seagate Hernan Alvarez/Shades
0%
Guardians of the Galaxy Vol 3 (2023) Chukwudu Iwuji Genetyk, pracował nad stworzeniem idealnego gatunku, założyciel OrgoCorp High Evolutionary
0%
Erin Moriarty Dziewczyna z Omaha, zmuszona do zabicia własnych rodziców Hope Schlottman
0%
Shaun Toub Naukowiec z wioski Gulmira, porwany przez Ten Rings Ho Yinsen
0%
Aleks Paunovic Członek Mafii Dresowej Ivan Banionis
0%
Tony Dalton Bogacz, utalentowany szermierz, partner ^ Jack Duqesne
0%
Callan Mulvey Infiltrator HYDRY w S.H.I.E.L.D., członek STRIKE Jack Rollins
0%
Gregg Henry Dziadek porwanego dziecka Jason Quill
0%
Maximiliano Hernandez Agent S.H.I.E.L.D., infiltrator HYDRY Jasper Sitwell
0%
Agatha All Along (2024) Sasheer Zamata Wiedźma specjalizująca się w eliksirach, influencerka beauty Jennifer Kale
0%
Katy M. O'Brian Liderka Freedom Fighters Jentorra
0%
Carrie-Anne Moss Bezkompromisowa prawniczka, zaczynała w Rand Enterprises Jeri Hogarth
0%
Randall Park Były agent S.H.I.E.L.D., obecnie FBI, pilnował głównego bohatera w areszcie domowym Jimmy Woo
0%
Bobby Cannavale Policjant w San Francisco Jim Paxton
0%
Mustafa Shakir Posiada nadludzkie umiejętności, świadek zamordowania swojej rodziny przez Mama Mabel JohnMcIver/Bushmaster
0%
Josh Stewart Były zabójca dla Bractwa Aryan, religijny, zmuszony do popełniania serii morderstw John Pilgrim
0%
Benjamin Bratt Były Mistrz Sztuk Mistycznych, opuścił Kamar-Taj, gdy odzyskał władzę nad swoim ciałem Jonathan Pangborn
0%
Jessica Stroup Współzarządzająca Rand Enterprises, siostra ^ Joy Meachum
0%
J.B. Smoove Nauczyciel Midtown School, opiekun wycieczki po Europie Julius Dell
0%
Rish Shah Syn ^, członek Clandestines Kamran
0%
Nathan Fillion Lider Orgosentries, szef ochrony Orgoscope Karja
0%
Erin Kellyman Liderka Flag Smashers Karli Morgenthau
0%
David Tennant W dzieciństwie poddawany eksperymentom w celu leczenia, w efekcie potrafił kontrolować umysły Kevin Thompson/Kilgrave
0%
Karim El-Hakim/F. Murray Abraham Egipski Bóg Księżyca i Nocnego Nieba Khonshu
0%
Daredevil: Born Again Nikki M. James Była asystentka prokuratora okręgowego Nowego Jorku, założycielka Murdock & McDuffie Kirsten McDuffie
0%
Djimon Hounsou Żołnierz Kree, Prześladowca (Pursuer) Korath the Pursuer
0%
Floriana Lima Psychoterapeutka potrafiąca okazać współczucie wojennym weteranom Krista Dumont
0%
Bill Murray Gubernator miasta Axia w Kwantowym Wymiarze Krylar
0%
David Dastmalchian Cyberprzestępca, przyjaciel ^ Kurt Goreshter
0%
May Calamawy Archeolożka, żona ^, Awatar Layla El-Faouly/Scarlet Scarab
0%
Hoon Lee Mnich Zakonu Matki Żurawicy, ojciec ^ Lei Kung
0%
Xosha Roquemore Szefowa Ochrony Prezydenta USA Leila Taylor
0%
Cle Bennett Członek Armii USA, partner i przyjaciel ^ Lemar Hoskins/Battlestar
0%
Daniel Webber Weteran Armii USA, miał problemy z przystosowaniem się z powrotem do normalnego życia Lewis Wilson
0%
Patti LuPone Sycylijska wiedźma potrafiąca przepowiadać przyszłość Lilia Calderu
0%
Henry Goodman Naukowiec pracujący z Bliźniakami List
0%
Linda Cardellini Wydra, genetycznie i cybernetycznie modyfikowana Lylla/89Q12
0%
Judy Greer Żona ^ Maggie Lang
0%
Eka Darville Prywatny detektyw, początkowo uzależniony od narkotyków Malcolm Ducasse
0%
Amy Rutberg Prawniczka, pracowała w Landman and Zack Marci Stahl
0%
Alfre Woodard Wpływowa kobieta polityk w Harlemie, kuzynka ^ Mariah Dillard/Mariah Stokes
0%
Alice Eve Prywatna detektyw, była żołnierz Armii USA Mary Walker
0%
William Sadler 45 Prezydent USA Matthew Ellis
0%
Florian Munteanu Zabójca pracujący dla Dziesięciu Pierścieni, posiada wysuwane ostrze zamiast prawej ręki Mattias/Razor Fist
0%
Rebecca Hall Biolog genetyczna, pracowała nad projektem Extremis Maya Hansen
0%
Simone Missick Policjantka z 29 Posterunku w Nowym Jorku Misty Knight
0%
Geoffrey Cantor Redaktor naczelny New York Bulletin Mitchell Ellison
0%
Zenobia Shroff Matka ^^^ Muneeba Khan
0%
Yutaka Takeuchi Jeden z liderów Hand, najbardziej ukryty z liderów Murakami
0%
Nimra Bucha Liderka Clandestines, pochodzi z Wymiaru Noor Najma
0%
Yasmeen Fletcher Uczennica Coles Academic High School, przyjaciółka ^ i ^^ Nakia Bahadir
0%
Ginger Gonzaga Asystentka i przyjaciółka ^ Nikki Ramos
0%
Asif Ali Mieszkaniec Westview, pracownik Computational Services Inc. Norm
0%
Glenn Close Dowódca Nova Corps Nova Prime/Irani Rael
0%
J.R. Ramirez Sąsiad detektywów, dozorca Oscar Arocho
0%
Khalid Abdalla Lider Ennead Council Osiris
0%
Rob Delaney Były członek X-Force, pracował w Drive Max Peter Wisdom
0%
Kai Zen Jedna z Gwiezdnych Dzieci, genetycznie modyfikowana, członkini nowych Strażników Galaktyki Phyla
0%
Carrie Coon/ Monique Ganderton Członkini Black Order Proxima Midnight
0%
Ant-Man and The Wasp: Quantumania (2023) William Jakcson Harper Telepatyczny członek Freedom Fighters Quaz
0%
Tony Plana Dyrektor Operacyjny Bezpieczeństwa Wewnętrznego Rafael Hernandez
0%
Frank Whalye Policjant z 29 Posterunku w Nowym Jorku, partner ^ Rafael Scarfe
0%
Evan Peters Mieszkaniec Westview o śmieszym nazwisku, kontrolowany przez ^ Ralph Bohner/Pietro Maximoff
0%
Faran Tahir Dowódca Ten Rings w Afganistanie Raza Hamidmi al-Wazar
0%
Parisa Fitz-Henley Pracowała w więzieniu Seagate Reva Connors
0%
Miguel Ferrer Wice Prezydent USA Rodriguez
0%
Martin Starr Absolwent Culver University, nauczyciel przedmiotów ścisłych w Midtown School Roger Harrington
0%
Captain America: Brave New World (2025) Shira Haas Była Czarna Wdowa, doradczyni ds. bezpieczeństwa Prezydenta USA Ruth Bat-Seraph
0%
Michelle Hurd Prokurator Okręgowa Nowego Jorku Samantha Reyes
0%
Michael Nathanson Agent Bezpieczeństwa Wewnętrznego, partner zawodowy ^ Sam Stein
0%
Jaime Ray Newman Żona ^ Sarah Lieberman
0%
Adepero Oduye Młodsza siostra jednego z tytułowych bohaterów Sarah Wilson
0%
Giancarlo Esposito Były członek Armii USA, zabójca i lider SERPENT Seth Voelker/Sidewinder
0%
Debra Jo Rupp Mieszkanka Westview, zrekrutowana przez ^^ do swojego kręgu Sharon Davis/Mrs. Hart
0%
Zabryna Guevara Asystentka i doradczyni polityczna burmistrza Nowego Jorku Sheila Rivera
0%
Walton Goggins Przestępca, restaurator, handlarz technologii na czarnym rynku Sonny Burch
0%
Olivia Colman Agentka specjalna MI6, próbowała pokonać Ruch Oporu Skrullów Sonya Falsworth
0%
Babs Olusanmokun Jeden z pięciu liderów (palców) Hand, Afrykański wojownik Sowande/White Hat
0%
Sylvester Stallone Kapitan piratów Ravagers Stakar Ogord
0%
Garry Shandling Były senator USA, członek HYDRY Stern
0%
Sean Ringgold Były członek Rodziny Przestępczej Stokes, pracował jako egzekutor w gangu Zipa Sugar
0%
Kate Udall Dowodząca agentka specjalna FBI Tammy Hattley
0%
Chris Sullivan Członek Ravagers, chwilowo przejął władzę nad Ravagers Taserface
0%
Antonia Salib Egipska Bogini Kobiet i Dzieci Taweret
0%
Asim Chaudhry Mors, genetycznie i cybernetycznie modyfikowany Teefs/89A95
0%
Nico Santos Rejestrator, pracował dla ^^ Theel/Recorder B2H6
0%
Gabrielle Dennis Lekarka medycyny holistycznej, córka ^ Tilda Johnson
0%
Fred Melamed Mieszkaniec Westview, mąż ^ Todd Davis/Arthur Hart
0%
Rachel House Prywatna ochroniarz ^, dowódca Strażników Sakaaru Topaz
0%
Rachael Taylor Była modelka i gwiazda telewizji, prowadziła talk show w radiu Trish Walker/Hellcat
0%
Rob Morgan Drobny oszust z Hell's Kitchen Turk Barrett
0%
Josh Stamberg Były wysoko postawiony członek S.W.O.R.D., awansowany na pełniącego obowiązki dyrektora Tyler Hayward
0%
Andy Serkis Międzynarodowy przestępca, handlarz bronią na czarnym rynku Ulysses Klaue
0%
Morena Baccarin Była narzeczona ^ Vanessa Carlysle
0%
Harrier Sansom Harris Łowczyni potworów, wdowa po Ulyssesie Verussa Bloodstone
0%
Miriam Shor Rejestratorka, pracowała dla ^ Vim
0%
Nikolai Nikolaeff Współlider Rosyjskiej Mafii w Nowym Jorku, brat ^ Vladimir Ranshakov
0%
Ray Stevenson Wojownik Asgardu, członek Warriors Three Volstagg
0%
Tom Pelphrey Współzarządzający Rand Enterprises wraz z siostrą, sterowany przez niby zmarłego ojca Ward Meachum
0%
David Furr Współzałożyciel i były prezez Rand Enterprises, zginął w katastrofie lotniczej Wendell Rand
0%
Annette Bening Naukowiec Kree, pracowała przy projekcie P.E.G.A.S.U.S. Wendy Lawson/Mar-Vell
0%
Peter Billingsley Naukowiec Stark Industries, twórca dronów bojowych William Ginter Riva
0%
Zahn McClarnon Były dowódca Mafii Dresowej, ojciec ^ William Lopez
0%
Paul Schulze Były Dyrektor Tajnych Operacji CIA, nadzorował Operację Cerber William Rawlins/Agent Orange
0%
Erik LaRay Harvey Przyrodni brat tytułowego bohatera, handlarz bronią Willis Stryker/Diamondback
0%
Wil Traval Weteran Armii USA, policjant, pacjent IGH Will Simpson
0%
Daniel Kaluuya Były szef ochrony granicy Wakandy, mąż ^ W'Kabi
0%
Meng-er Zhang Obecna liderka armii Dziesięciu Pierścieni, córka ^, młodsza siostra ^^ Xu Xialing
0%
Park Seo-Joon Książe planety Aladna Yan
0%
Michelle Yeoh Strażniczka Ta Lo Ying Nan
0%
Jude Law Dowódca Kree, lider Starforce Yon-Rogg
0%
Shioli Kutsuna Członkini X-Men, dziewczyna ^ Yukio
0%
Mohan Kapur Mąż ^ Yusuf Khan
0%
Forest Whitaker Szaman Wakandy, były członek War Dogs Zuri
0%
Nie znaleziono quizów pasujących do podanych kryteriów
Rozkład punktacji
Procent ludzi z każdym wynikiem
Percentyl według liczby udzielonych odpowiedzi
Twoja historia wyników
Nie rozwiązałeś tego quizu od ostatniego zresetowania